El mundo de Odiseo
Tallennettuna:
| Päätekijä: | |
|---|---|
| Aineistotyyppi: | Kirja |
| Kieli: | Spanish |
| Julkaistu: |
México, Distrito Federal
Fondo de Cultura Económica
1978
|
| Painos: | 2 |
| Aiheet: | |
| Tagit: |
Lisää tagi
Ei tageja, Lisää ensimmäinen tagi!
|
MARC
| LEADER | 00000nam a2200000Ia 4500 | ||
|---|---|---|---|
| 008 | 170316s9999 xx 000 0 spa d | ||
| 040 | |a cru BVZT | ||
| 090 | |a 880 F-1m | ||
| 100 | |a Finley, M. I. |9 1720 | ||
| 245 | |a El mundo de Odiseo |c M. I. Finley; Mateo Hernández Barroso, traductor | ||
| 250 | |a 2 | ||
| 260 | |a México, Distrito Federal | ||
| 260 | |b Fondo de Cultura Económica | ||
| 260 | |c 1978 | ||
| 300 | |a 229 páginas | ||
| 650 | |a LITERATURA GRIEGA |9 301 | ||
| 650 | |a HOMERO |9 1194 | ||
| 650 | |a LOS GRIEGOS |9 1721 | ||
| 650 | |a BARDOS |9 1722 | ||
| 650 | |a HÉROES |9 1320 | ||
| 650 | |a ÉTICA |9 104 | ||
| 650 | |a VALORES |9 623 | ||
| 650 | |a LA TROYA DE SCHLIEMANN |9 1723 | ||
| 650 | |a LA POESÍA TRADICIONAL ORAL |9 1724 | ||
| 650 | |a LA GUERRA DE TROYA |9 1725 | ||
| 650 | |a MORAL |9 99 | ||
| 999 | |c 11889 |d 11889 | ||
| 942 | |c 4 D |h 880 F-1m |2 z | ||
